Evénements du 19 février - Statistiques

Statistiques générales
  • Ce quiz a été pris 35 fois
  • Le résultat moyen est 8 sur 15
Statistiques - réponses
Hint Réponse % Correct
Premier bombardement japonais sur l'Australie 1942
93%
L'empereur Constance interdit les sacrifices aux dieux païens 356
90%
Le pape Jean-Paul II béatifie 99 martyrs tués pendant la Révolution en France 1984
76%
Philippe V entre dans Madrid 1701
72%
Bonaparte s'installe aux Tuileries 1800
72%
Sortie en France du film Les parapluies de Cherbourg 1964
66%
Fidel Castro renonce au pouvoir 2008
62%
Abolition de la propriété privée en URSS 1918
55%
Les femmes obtiennent le droit de vote en Belgique 1948
48%
Charlie Chaplin est accueilli à Londres 1931
45%
Urbain Le Verrier présente la 1ère carte météo à l'Académie des sciences à Paris 1855
34%
Le pape cède Avignon, le Comtat venaissin, Bologne et Ferrare à la France 1797
31%
On vole le cercueil de Philippe Pétain 1973
31%
Création du préavis d'un mois en cas de licenciement en France 1958
17%
Fondation de la Société des amis des noirs en France 1788
7%
Aucun quiz correspondant
Distribution des résultats
% des personnes avec chaque résultat
Percentile par nombre de réponses
Votre historique - résultats
Vous n’avez pas pris ce quiz